| 000 | 00550nam a2200205 a 4500 | ||
|---|---|---|---|
| 005 | 20210223120629.0 | ||
| 008 | 991125s1978 es 000 0 spa u | ||
| 020 | _a8472223701 | ||
| 035 | _aUPN01000004591 | ||
| 049 | _aCG | ||
| 050 | 4 |
_aPQ8497 V3 _bE43 |
|
| 100 | 1 |
_aVallejo, César, _d1892-1938 _929478 |
|
| 245 | 1 | 3 |
_aEl arte y la revolución / _cCésar Vallejo. |
| 260 |
_aBarcelona [Esp.] : _bLaia, _c1978. |
||
| 300 | _a168 p. | ||
| 440 | 0 |
_aLaia B. _pLiteratura ; _v15 |
|
| 440 | 0 |
_aEnsayo ; _v4 |
|
| 650 | 4 |
_aARTE RUSO _92623 |
|
| 905 | _aLibro | ||
| 999 |
_c4591 _d4591 |
||